[Event "GM Scheveningen"]
[Site "Scheveningen"]
[Date "1999.02.07"]
[Round "8"]
[White "Aung Aung"]
[Black "Khin Thaung"]
[Result "1-0"]
[WhiteElo "2500"]
[BlackElo "2509"]
[PlyCount "57"]
[EventDate "1999.??.??"]
[Source "www.chesslib.no"]
[SourceDate "2004.05.04"]

1. d4 d6 2. c4 Nf6 3. Nc3 Nbd7 4. Nf3 e5 5. e3 g6 6. Bd3 Bg7 7. O-O O-O 8. Bd2 c6 9. Qc2 Re8 10. Rae1 Qe7 11. Ng5 Ng4 12. h4 f5 13. c5 d5 14. e4 fxe4 15. Ncxe4 h6 16. Nd6 Rf8 17. Bxg6 hxg5 18. Bxg5 Bf6 19. f3 Bxg5 20. hxg5 Ne3 21. Rxe3 Qxg5 22. f4 exf4 23. Bh7+ Kg7 24. Rxf4 Nf6 25. Qf2 Bg4 26. Rg3 Rad8 27. Rxf6 Rxd6 28. cxd6 Qxf6 29. Rxg4+ 1-0

[Event "Bundesliga 9495"]
[Site "GER"]
[Date "1995.??.??"]
[Round "?"]
[White "Christiansen, Larry M"]
[Black "Casper, Thomas"]
[Result "1-0"]
[WhiteElo "2570"]
[BlackElo "2435"]
[PlyCount "93"]
[EventDate "1994.10.??"]
[Source "www.chesslib.no"]
[SourceDate "2004.05.04"]

1. d4 Nf6 2. c4 d6 3. Nc3 Nbd7 4. Nf3 e5 5. Bg5 Be7 6. e3 c6 7. Qc2 h6 8. Bh4 Nh5 9. Bxe7 Qxe7 10. O-O-O Nhf6 11. Rg1 Nb6 12. h3 Bd7 13. g4 exd4 14. exd4 O-O-O 15. Re1 Qf8 16. Bd3 Re8 17. Nd2 Rxe1+ 18. Rxe1 Kb8 19. f4 Qd8 20. Nf3 Re8 21. Qf2 Rxe1+ 22. Qxe1 Qe8 23. Qf2 Qe7 24. Kd2 Bc8 25. f5 Kc7 26. Qg3 Kd8 27. b3 Bd7 28. h4 Ne8 29. g5 hxg5 30. hxg5 f6 31. g6 Qf8 32. Qh2 Nc8 33. Ne2 Ne7 34. Qh5 Ng8 35. Qh8 Ke7 36. Qh4 Kd8 37. b4 Nh6 38. Qf4 Kc8 39. Nc3 Qe7 40. Ne1 Nc7 41. Nc2 d5 42. c5 b5 43. a4 a6 44. Ne3 Kb7 45. axb5 axb5 46. Bxb5 cxb5 47. Ncxd5 1-0

[Event "CRO-chT"]
[Site "Pula"]
[Date "2000.09.11"]
[Round "1"]
[White "Shariyazdanov, Andrey"]
[Black "Levacic, Patrick"]
[Result "1-0"]
[WhiteElo "2582"]
[BlackElo "2419"]
[PlyCount "85"]
[EventDate "2000.09.??"]
[Source "www.chesslib.no"]
[SourceDate "2004.05.04"]

1. d4 Nf6 2. c4 Nc6 3. Nf3 d6 4. Nc3 e5 5. d5 Ne7 6. e4 Ng6 7. g3 Be7 8. h4 h6 9. Be2 c6 10. h5 Nf8 11. Nh4 N8h7 12. Be3 Ng5 13. Qd3 Ng4 14. Bxg5 hxg5 15. Nf5 Bxf5 16. exf5 Nf6 17. dxc6 bxc6 18. Bf3 Rc8 19. O-O-O Qb6 20. Qc2 Rh6 21. Kb1 Kf8 22. Ne4 Nxe4 23. Bxe4 Qc5 24. f3 Bd8 25. g4 Bb6 26. Rh2 Ke7 27. Re2 a5 28. Red2 Bc7 29. Rd3 Rhh8 30. Qa4 Bb8 31. Ra3 Rhd8 32. Qxa5 Qxc4 33. Qd2 Kf6 34. Rc1 Qb5 35. Rb3 Qa6 36. f4 gxf4 37. Qf2 Ke7 38. h6 gxh6 39. Qh4+ f6 40. Qxh6 Rf8 41. g5 Rf7 42. gxf6+ Ke8 43. Qg6 1-0

[Event "Olympiad"]
[Site "Olympiad Moscow"]
[Date "1994.??.??"]
[Round "2"]
[White "Irzhanov, Ruslan"]
[Black "Hodgson, Julian M"]
[Result "1/2-1/2"]
[WhiteElo "2430"]
[BlackElo "2570"]
[PlyCount "56"]
[EventDate "1994.??.??"]
[Source "www.chesslib.no"]
[SourceDate "2004.05.04"]

1. d4 d6 2. c4 e5 3. Nf3 e4 4. Ng5 Nf6 5. Nc3 Bf5 6. f3 exf3 7. Nxf3 c5 8. e3 Nc6 9. Bd3 Bg4 10. O-O Be7 11. Qe1 Bxf3 12. Rxf3 O-O 13. Qh4 g6 14. Bd2 d5 15. cxd5 Nxd5 16. Qf2 cxd4 17. exd4 Ndb4 18. a3 Nxd4 19. Bc2 Nbxc2 20. Nd5 Nf5 21. Kh1 b5 22. Rd1 Qc8 23. Qb6 Nh4 24. Ra1 b4 25. Qd4 Qa6 26. Qf6 Ne1 27. Bc1 Qb7 28. Nc3 Qd7 1/2-1/2

[Event "Paris op"]
[Site "Paris"]
[Date "1997.??.??"]
[Round "?"]
[White "Roeder, Mathias"]
[Black "Ikonnikov, Vyacheslav"]
[Result "1/2-1/2"]
[WhiteElo "2460"]
[BlackElo "2540"]
[PlyCount "35"]
[EventDate "1997.??.??"]
[Source "www.chesslib.no"]
[SourceDate "2004.05.04"]

1. Nf3 Nf6 2. c4 d6 3. d4 Nbd7 4. Nc3 e5 5. Bg5 Be7 6. e3 c6 7. Qc2 O-O 8. Bd3 h6 9. Bh4 Re8 10. O-O Nh5 11. Bxe7 Qxe7 12. Bh7+ Kh8 13. Bf5 Nhf6 14. b4 Nf8 15. Bxc8 Raxc8 16. Ne4 Nxe4 17. Qxe4 Nd7 18. Rfc1 1/2-1/2

[Event "Torneo GM"]
[Site "Marianske Lazne CEC"]
[Date "2009.01.22"]
[Round "7"]
[White "Ivanov, Mikhail M"]
[Black "Heberla, Bartlomiej"]
[Result "1/2-1/2"]
[WhiteElo "2497"]
[BlackElo "2500"]
[PlyCount "73"]
[EventDate "2009.01.17"]
[Source "www.chesslib.no"]
[SourceDate "2004.05.04"]

1. c4 Nf6 2. Nc3 d6 3. d4 e5 4. Nf3 e4 5. Ng5 Qe7 6. f3 exf3 7. gxf3 g6 8. e4 Bg7 9. Be3 O-O 10. Qd2 c5 11. d5 h6 12. Nh3 Bxh3 13. Bxh3 Nxd5 14. Qxd5 Qh4+ 15. Ke2 Qxh3 16. Rag1 Kh7 17. Rg3 Qe6 18. Qxe6 fxe6 19. Rhg1 g5 20. h4 Be5 21. Rg4 Nc6 22. hxg5 h5 23. Rh4 Kg6 24. Rgh1 Nd4+ 25. Bxd4 cxd4 26. Nb5 Rac8 27. Rxh5 Rxc4 28. Rh6+ Kg7 29. Rxe6 Rb4 30. Nxd6 Rxb2+ 31. Kd3 Rxf3+ 32. Kc4 Bxd6 33. Rxd6 Rxa2 34. g6 Rf6 35. Rh7+ Kxg6 36. Rxf6+ Kxf6 37. Rxb7 1/2-1/2

[Event "Adelaide Open"]
[Site "Adelaide AUS"]
[Date "1990.??.??"]
[Round "10"]
[White "Adianto, Utut"]
[Black "Hickl, Joerg"]
[Result "1-0"]
[WhiteElo "2495"]
[BlackElo "2500"]
[PlyCount "95"]
[EventDate "1990.12.??"]
[Source "www.chesslib.no"]
[SourceDate "2004.05.04"]

1. d4 Nf6 2. c4 d6 3. Nf3 Nbd7 4. Nc3 e5 5. g3 c6 6. Bg2 Be7 7. O-O O-O 8. Qc2 Re8 9. Rd1 Bf8 10. e4 Qc7 11. h3 b6 12. Be3 Bb7 13. Rac1 Rac8 14. a3 a6 15. Nh2 Qb8 16. Ng4 Nxg4 17. hxg4 b5 18. cxb5 cxb5 19. g5 exd4 20. Rxd4 Nc5 21. Qd1 Qa8 22. b4 Nd7 23. Nd5 Rxc1 24. Bxc1 Bxd5 25. Rxd5 Qb8 26. Bh3 Nb6 27. Rd4 Nc4 28. Bd7 Rd8 29. Bc6 Rc8 30. Bd5 Ne5 31. Kg2 Qc7 32. Bf4 Qe7 33. Rd2 Nc4 34. Rc2 Qc7 35. Rc1 g6 36. Qg4 Qd8 37. Qh3 Rc7 38. Rh1 h6 39. gxh6 Kh7 40. Qg4 Ne5 41. Qe2 Qc8 42. Qd2 Qg4 43. Qe3 Nc4 44. Qd4 g5 45. f3 Qc8 46. Bxg5 Ne5 47. Bd2 Be7 48. f4 1-0

[Event "ARM-ch"]
[Site "Yerevan"]
[Date "1999.10.23"]
[Round "8"]
[White "Sargissian, Gabriel"]
[Black "Aronian, Levon"]
[Result "1-0"]
[WhiteElo "2470"]
[BlackElo "2518"]
[PlyCount "94"]
[EventDate "1999.10.16"]
[Source "ChessBase"]
[SourceDate "2000.02.01"]

1. Nf3 Nf6 2. c4 c6 3. Nc3 d6 4. g3 e5 5. Bg2 Be7 6. O-O O-O 7. d4 Nbd7 8. Qc2 Qc7 9. b3 Re8 10. Bb2 Bf8 11. e3 a6 12. Rac1 Qb8 13. Nd2 g6 14. Rfd1 exd4 15. exd4 Bg7 16. Re1 Nf8 17. Rxe8 Nxe8 18. d5 Bf5 19. Be4 Bd7 20. c5 dxc5 21. dxc6 bxc6 22. Na4 Ne6 23. Bxg7 N8xg7 24. Nxc5 Nxc5 25. Qxc5 Ne6 26. Qe3 Qa7 27. Nc4 Qxe3 28. fxe3 Ra7 29. Ne5 c5 30. Bd5 Rc7 31. Nd3 Bb5 32. Nf4 Nxf4 33. gxf4 Kf8 34. e4 Ke7 35. Kf2 Bd7 36. b4 c4 37. Rxc4 Rxc4 38. Bxc4 Bb5 39. Bb3 f6 40. Ke3 Be8 41. Kd4 g5 42. fxg5 fxg5 43. Bc4 h5 44. Ke5 Bd7 45. Bxa6 h4 46. Bf1 g4 47. Kf4 g3 1-0

[Event "Penta Media GM"]
[Site "Kelamabakkam"]
[Date "2000.08.14"]
[Round "1"]
[White "Kunte, Abhijit"]
[Black "Prasad, Devaki V"]
[Result "1/2-1/2"]
[WhiteElo "2556"]
[BlackElo "2431"]
[PlyCount "45"]
[EventDate "2000.08.14"]
[Source "ChessBase"]
[SourceDate "2000.11.21"]

1. Nf3 d6 2. d4 Nf6 3. g3 Nbd7 4. Bg2 e5 5. O-O Be7 6. c4 c6 7. Nc3 O-O 8. Qc2 Re8 9. Rd1 Qc7 10. h3 a6 11. a3 Bf8 12. e4 b5 13. cxb5 cxb5 14. d5 Nb6 15. Bg5 Be7 16. Rac1 Bd7 17. Nd2 Rac8 18. Be3 Na4 19. Qb1 Nxc3 20. Rxc3 Qb8 21. Rdc1 Rxc3 22. Rxc3 Rc8 23. Qc2 1/2-1/2

[Event "Castellar op"]
[Site "Castellar"]
[Date "1999.??.??"]
[Round "8"]
[White "Campos Moreno, Javier B"]
[Black "Movsziszian, Karen"]
[Result "0-1"]
[WhiteElo "2484"]
[BlackElo "2501"]
[PlyCount "66"]
[EventDate "1999.11.??"]
[Source "ChessBase"]
[SourceDate "2000.01.11"]

1. d4 d6 2. c4 Nd7 3. Nc3 e5 4. Nf3 Ngf6 5. Bg5 Be7 6. e3 O-O 7. Qc2 h6 8. Bh4 c6 9. O-O-O Qa5 10. Nd2 a6 11. g4 b5 12. Rg1 b4 13. Nb3 Qc7 14. Na4 c5 15. Bg2 Ra7 16. d5 Re8 17. h3 Nf8 18. Bg3 Bd7 19. Nd2 Qa5 20. b3 Bxa4 21. bxa4 N6d7 22. f4 exf4 23. exf4 Nb6 24. Rde1 Nxa4 25. Nb3 Qc7 26. Re3 Rd8 27. Rge1 Bf6 28. Re8 Nc3 29. Kd2 a5 30. Kd3 Raa8 31. Rxd8 Qxd8 32. Nd2 Bh4 33. Nf1 Qf6 0-1

[Event "Rovinj/Zagreb"]
[Site "Zagreb"]
[Date "1975.??.??"]
[Round "6"]
[White "Keene, Raymond"]
[Black "Minic, Dragoljub"]
[Result "1-0"]
[WhiteElo "2505"]
[BlackElo "2475"]
[PlyCount "55"]
[EventDate "1975.??.??"]
[Source "ChessBase"]

1. Nf3 d6 2. d4 Nf6 3. g3 Nbd7 4. Bg2 e5 5. c4 c6 6. Nc3 e4 7. Nh4 d5 8. O-O Bb4 9. cxd5 cxd5 10. Qb3 Bxc3 11. bxc3 Nb6 12. f3 exf3 13. Rxf3 Ne4 14. Ba3 Nd2 15. Qb5+ Qd7 16. Re3+ Kd8 17. Be7+ Kc7 18. Qc5+ Qc6 19. Bd6+ Kd8 20. Bf4 Ne4 21. Bxe4 dxe4 22. Qg5+ f6 23. Qxg7 Re8 24. c4 Nxc4 25. Rc3 Bh3 26. Rxc4 Qxc4 27. Qxf6+ Kd7 28. Qd6+ 1-0

[Event "YUG team ch."]
[Site "?"]
[Date "2002.??.??"]
[Round "?"]
[White "Tadic Branko"]
[Black "Vukic Milan"]
[Result "1-0"]
[WhiteElo "2465"]
[BlackElo "2515"]
[PlyCount "95"]
[EventDate "2002.??.??"]
[Source "www.chesslib.no"]
[SourceDate "2004.05.04"]

1. Nf3 Nf6 2. c4 d6 3. d4 Nbd7 4. Nc3 c6 5. g3 e5 6. Qc2 Be7 7. Bg2 O-O 8. O-O Re8 9. h3 Bf8 10. Be3 exd4 11. Bxd4 Qc7 12. Rac1 h6 13. Rfd1 Ne5 14. Nd2 Be7 15. f4 Ng6 16. e4 h5 17. Nf3 h4 18. Nxh4 Nxh4 19. gxh4 Nh5 20. Qf2 Qd8 21. Qf3 g6 22. Bf2 Qc7 23. Ne2 Qa5 24. Nd4 Ng7 25. c5 dxc5 26. Nb3 Qxa2 27. Qc3 c4 28. Nd2 Qa4 29. Nxc4 Qb4 30. Qf3 Be6 31. Ne5 Red8 32. h5 gxh5 33. f5 Bb3 34. Rxd8+ Bxd8 35. f6 Ne8 36. Rc3 Be6 37. Qxh5 Bxf6 38. Rg3+ Bg7 39. Nd3 Qc4 40. Be1 Rd8 41. Qf3 Qd4+ 42. Kh2 Bc4 43. Nf4 Qd1 44. Qc3 Kh7 45. Qxc4 Qxe1 46. Qxf7 Qb4 47. Ne6 Qxb2 48. Nxd8 1-0

[Event "FRG Ch int"]
[Site "Mannheim GER"]
[Date "1975.??.??"]
[Round "6"]
[White "Keene, Raymond D"]
[Black "Westerinen, Heikki M J"]
[Result "1-0"]
[WhiteElo "2505"]
[BlackElo "2475"]
[PlyCount "95"]
[EventDate "1975.??.??"]
[Source "www.chesslib.no"]
[SourceDate "2004.05.04"]

1. Nf3 Nf6 2. g3 d6 3. d4 Nbd7 4. c4 e5 5. Bg2 Be7 6. O-O O-O 7. Nc3 c6 8. Qc2 Rb8 9. b3 Re8 10. c5 exd4 11. cxd6 Bxd6 12. Nxd4 Nc5 13. Bb2 Be5 14. Nf3 Bd6 15. Rad1 Qc7 16. Nd4 Bf8 17. h3 Qe5 18. e4 Qh5 19. g4 Qg6 20. Rfe1 h5 21. e5 Qxc2 22. Nxc2 Nh7 23. gxh5 Ng5 24. Kh2 Bf5 25. Nd4 Bh7 26. f4 Nge6 27. Nxe6 Nxe6 28. Kg3 Rbd8 29. Ne4 Bb4 30. Rf1 b6 31. Nd6 Bxd6 32. exd6 Nc5 33. Bxc6 Re2 34. Ba3 Be4 35. Bxe4 Nxe4+ 36. Kf3 Rxa2 37. Kxe4 Rxa3 38. Rd3 Kf8 39. Rc1 Ra5 40. Rd5 f5+ 41. Kd4 Ra3 42. Rc3 Kf7 43. Ke5 a5 44. Rb5 Ra1 45. Rxb6 Rd1 46. Rc5 Rh1 47. Rb7+ Kf8 48. Ke6 1-0

[Event "TCh-FRA Nat1 GpB"]
[Site "Cannes"]
[Date "2004.02.01"]
[Round "3"]
[White "Pert, Nicholas"]
[Black "Bellaiche, Antony"]
[Result "1-0"]
[WhiteElo "2504"]
[BlackElo "2474"]
[PlyCount "87"]
[EventDate "2004.01.30"]
[Source "Roberto Alvarez"]
[SourceDate "2004.02.09"]

1. d4 Nf6 2. Nf3 d6 3. g3 Nbd7 4. Bg2 e5 5. c4 c6 6. Nc3 e4 7. Nd2 d5 8. O-O Be7 9. a4 O-O 10. Qb3 Nb8 11. a5 Na6 12. Rd1 Re8 13. cxd5 cxd5 14. Nf1 Be6 15. Bg5 Qd7 16. Ne3 Red8 17. f3 exf3 18. Bxf3 Nc7 19. Na4 Ne4 20. Bxe7 Qxe7 21. Bxe4 dxe4 22. Qxb7 Qg5 23. Qxe4 Nd5 24. Nxd5 Bxd5 25. Qf4 Qh5 26. Nc3 Bb3 27. Rd2 Rac8 28. e4 Rc6 29. Qh4 Qxh4 30. gxh4 Rh6 31. d5 Rxh4 32. Ra3 Bc4 33. Ra4 Ba6 34. e5 Rh5 35. Re4 Bb7 36. h4 Kf8 37. Kf2 g5 38. hxg5 Rxg5 39. Ke3 h5 40. Kd4 Ke7 41. Rf2 Rdg8 42. a6 Ba8 43. d6+ Ke8 44. Nd5 1-0

[Event "Yerevan zt 1.5"]
[Site "Yerevan"]
[Date "2000.06.15"]
[Round "9"]
[White "Nikolaidis, Ioannis"]
[Black "Nalbandian, Tigran"]
[Result "1-0"]
[WhiteElo "2530"]
[BlackElo "2448"]
[PlyCount "83"]
[EventDate "2000.06.07"]
[Source "ChessBase"]
[SourceDate "2000.10.18"]

1. d4 Nf6 2. c4 d6 3. Nc3 Nbd7 4. Nf3 e5 5. Bg5 Be7 6. Qc2 c6 7. O-O-O Qa5 8. e3 O-O 9. Bd3 Re8 10. Kb1 Nf8 11. h4 e4 12. Nxe4 Nxe4 13. Bxe4 Bxg5 14. Nxg5 h6 15. Bh7+ Nxh7 16. Qxh7+ Kf8 17. d5 hxg5 18. hxg5 Qd8 19. Qh8+ Ke7 20. Qxg7 Rg8 21. Qf6+ Ke8 22. dxc6 Qxf6 23. gxf6 bxc6 24. Rxd6 Bf5+ 25. Kc1 Rd8 26. Rxc6 Rc8 27. Rxc8+ Bxc8 28. Rh2 Kd7 29. f3 Ke6 30. g4 Kxf6 31. Kd2 Bb7 32. Rh5 Rg5 33. Rxg5 Kxg5 34. Ke2 a5 35. b3 Ba6 36. Kf2 a4 37. Kg3 f5 38. f4+ Kg6 39. g5 a3 40. Kf2 Bb7 41. Ke2 Be4 42. Kd2 1-0

[Event "ACT op"]
[Site "Amsterdam"]
[Date "2004.07.18"]
[Round "2"]
[White "Gagunashvili, Merab"]
[Black "Bertholee, Rob"]
[Result "1-0"]
[WhiteElo "2580"]
[BlackElo "2398"]
[PlyCount "39"]
[EventDate "2004.07.17"]
[Source "Roberto Alvarez"]
[SourceDate "2004.07.26"]

1. d4 Nf6 2. Nf3 d6 3. c4 Nc6 4. Nc3 e5 5. g3 exd4 6. Nxd4 Ne5 7. Bg2 c6 8. b3 Qa5 9. Qd2 d5 10. cxd5 Bb4 11. Bb2 Nxd5 12. Bxd5 cxd5 13. a3 Bxc3 14. Bxc3 Qc5 15. Bb4 Qb6 16. Qe3 f6 17. f4 a5 18. fxe5 axb4 19. exf6+ Kd7 20. Qe7# 1-0

[Event "RUS-ch KO"]
[Site "Moscow"]
[Date "1999.12.16"]
[Round "1.3"]
[White "Berdichevski, Igor"]
[Black "Akhmetov, Artiom"]
[Result "0-1"]
[WhiteElo "2538"]
[BlackElo "2438"]
[PlyCount "102"]
[EventDate "1999.12.04"]
[Source "ChessBase"]
[SourceDate "2000.04.05"]

1. d4 d6 2. c4 e5 3. Nf3 Nd7 4. Nc3 Ngf6 5. e3 Be7 6. Qc2 c6 7. Be2 O-O 8. O-O Re8 9. b3 Bf8 10. Bb2 e4 11. Nd2 Qe7 12. a4 a5 13. Rae1 Nb8 14. f3 exf3 15. Bxf3 Na6 16. Ba3 Qc7 17. Kh1 Ng4 18. Bxg4 Bxg4 19. Qd3 Bh5 20. d5 Bg6 21. e4 Qb6 22. Qe3 Qxe3 23. Rxe3 Rac8 24. Rfe1 f5 25. h3 Nb4 26. Bxb4 axb4 27. Ne2 cxd5 28. cxd5 Rc2 29. Nc4 Rxe4 30. Rxe4 fxe4 31. Nf4 Bf5 32. g4 Bd7 33. Rxe4 Rc3 34. Re3 b5 35. axb5 Bxb5 36. Rxc3 bxc3 37. Kg2 Be7 38. Na3 Ba6 39. Kf3 Bf6 40. b4 g5 41. b5 Bb7 42. Nh5 Bxd5+ 43. Ke3 Be5 44. Kd3 Bf7 45. b6 d5 46. b7 Bg6+ 47. Ke2 Kf7 48. Kd1 d4 49. Nc2 d3 50. Nd4 c2+ 51. Kd2 Be4 0-1

[Event "Bundesliga 9899"]
[Site "Germany"]
[Date "1999.01.31"]
[Round "9.3"]
[White "Knaak, Rainer"]
[Black "Casper, Thomas"]
[Result "1/2-1/2"]
[WhiteElo "2540"]
[BlackElo "2435"]
[PlyCount "85"]
[EventDate "1998.10.17"]
[Source "ChessBase"]
[SourceDate "1999.07.01"]

1. d4 Nf6 2. c4 d6 3. Nc3 Nbd7 4. Nf3 e5 5. Bg5 Be7 6. e3 c6 7. Be2 O-O 8. Qc2 Re8 9. O-O Ng4 10. Bxe7 Qxe7 11. dxe5 dxe5 12. Rad1 Ngf6 13. Ng5 a5 14. a3 h6 15. Nge4 Nxe4 16. Nxe4 Nc5 17. Nd6 Rd8 18. Nxc8 Raxc8 19. Qc3 Qc7 20. b4 axb4 21. axb4 Ne4 22. Qc2 Nf6 23. c5 Rxd1 24. Rxd1 Rd8 25. Ra1 g6 26. Bc4 Kg7 27. Qb2 Qe7 28. h3 Ne4 29. f4 Rd2 30. Qxe5+ Qxe5 31. fxe5 Rb2 32. Rf1 Ng5 33. Bxf7 Rxb4 34. Ba2 Ra4 35. h4 Rxh4 36. Rb1 Re4 37. Rxb7+ Kf8 38. Rc7 Rxe3 39. Rxc6 Rxe5 40. Rc7 Ne6 41. Rc8+ Ke7 42. c6 Rc5 43. Bxe6 1/2-1/2

[Event "It B"]
[Site "?"]
[Date "2005.04.07"]
[Round "7"]
[White "Cifuentes Parada Roberto"]
[Black "Fernandez Romero Ernesto"]
[Result "1/2-1/2"]
[WhiteElo "2521"]
[BlackElo "2449"]
[PlyCount "24"]
[EventDate "2005.??.??"]
[Source "www.chesslib.no"]
[SourceDate "2004.05.04"]

1. Nf3 Nf6 2. c4 d6 3. Nc3 e5 4. d4 e4 5. Ng5 Bf5 6. g4 Bxg4 7. Bg2 Nc6 8. Ngxe4 Nxe4 9. Nxe4 Be7 10. Ng3 O-O 11. Be3 a5 12. Rg1 Bh4 1/2-1/2

[Event "HZ Open, Vlissingen NED"]
[Site "?"]
[Date "2001.??.??"]
[Round "8"]
[White "Romanishin, O."]
[Black "Werner, Cle"]
[Result "1-0"]
[WhiteElo "2575"]
[BlackElo "2395"]
[PlyCount "43"]
[EventDate "2001.??.??"]
[Source "www.chesslib.no"]
[SourceDate "2004.05.04"]

1. d4 d6 2. g3 Nf6 3. Nf3 Nbd7 4. Bg2 e5 5. c4 c6 6. Nc3 e4 7. Nh4 d5 8. O-O Nb6 9. c5 Nc4 10. b3 Na5 11. f3 exf3 12. exf3 Be7 13. Re1 O-O 14. Qd3 g6 15. Bg5 b6 16. Na4 Rb8 17. Re2 Qd7 18. Rae1 Bd8 19. Bh6 Re8 20. Rxe8+ Nxe8 21. Bh3 f5 22. Nxf5 1-0

[Event "Open, Lisbon POR"]
[Site "?"]
[Date "2001.??.??"]
[Round "6"]
[White "Lazarev, V."]
[Black "Strikovic, A."]
[Result "0-1"]
[WhiteElo "2455"]
[BlackElo "2515"]
[PlyCount "106"]
[EventDate "2001.??.??"]
[Source "www.chesslib.no"]
[SourceDate "2004.05.04"]

1. d4 d6 2. c4 e5 3. Nf3 e4 4. Ng5 Nf6 5. Nc3 Qe7 6. Qc2 Nc6 7. e3 Bf5 8. d5 Nb8 9. f3 Nbd7 10. Ngxe4 Bxe4 11. fxe4 g6 12. Nb5 Qd8 13. b4 a6 14. Nc3 a5 15. bxa5 Rxa5 16. Be2 Bg7 17. O-O O-O 18. Rb1 Ra7 19. a4 Re8 20. Kh1 Nc5 21. Bf3 Qe7 22. e5 Qxe5 23. Nb5 Rxa4 24. Nxc7 Rc8 25. Nb5 h5 26. Bb2 Qe7 27. Bd4 Nfd7 28. h3 Be5 29. Ra1 Ra6 30. Rxa6 bxa6 31. Na7 Re8 32. Nc6 Qg5 33. Nxe5 dxe5 34. Bxc5 Nxc5 35. d6 e4 36. d7 Re5 37. Qd2 Qd8 38. Qd4 Rf5 39. Rb1 Ne6 40. Qxe4 Qxd7 41. Qa8+ Kh7 42. Bd5 Qd6 43. Qa7 Rf2 44. Kg1 Qg3 45. Qxa6 Qxe3 46. Kh1 Nf4 47. Qc8 Ne2 48. Qc7 Kg7 49. Qb8 h4 50. Ra1 Qd4 51. Re1 Ng3+ 52. Kh2 Rf1 53. Qb1 Qg1# 0-1

[Event "Kavala"]
[Site "?"]
[Date "2006.07.07"]
[Round "5"]
[White "Drozdovskij Yuri"]
[Black "Vijayalakshmi Subbaraman"]
[Result "1-0"]
[WhiteElo "2552"]
[BlackElo "2417"]
[PlyCount "89"]
[EventDate "2006.??.??"]
[Source "www.chesslib.no"]
[SourceDate "2004.05.04"]

1. d4 d6 2. g3 Nf6 3. Bg2 Nbd7 4. Nf3 e5 5. c4 c6 6. Nc3 Be7 7. Qc2 O-O 8. O-O Qc7 9. h3 Re8 10. e4 Nf8 11. Be3 Bd7 12. Rac1 Rac8 13. Rfd1 b6 14. Qb1 Ng6 15. b4 h5 16. c5 bxc5 17. bxc5 Rb8 18. Qd3 h4 19. cxd6 Bxd6 20. d5 c5 21. Nd2 Nh5 22. g4 Nhf4 23. Qa6 Rb6 24. Qa5 Qc8 25. Bf1 Bxg4 26. hxg4 Qxg4+ 27. Kh2 Rb2 28. Qa4 Reb8 29. Rc2 R2b7 30. Qa6 Be7 31. f3 Qg3+ 32. Kh1 Bg5 33. Ne2 Nxe2 34. Qxe2 Rb2 35. Rdc1 h3 36. Bxg5 Qxg5 37. Nb3 Nf4 38. Qe3 Rxc2 39. Rxc2 Rb6 40. Qg1 Qh6 41. Qxc5 Rg6 42. Rh2 Qh5 43. Qc8+ Kh7 44. Bxh3 Ne2 45. Bg4 1-0

[Event "Camp. bielorusso 2007"]
[Site "Minsk BLR"]
[Date "2007.01.14"]
[Round "5"]
[White "Maiorov, Nikita"]
[Black "Mihajlovskij, Sergei"]
[Result "1-0"]
[WhiteElo "2516"]
[BlackElo "2451"]
[PlyCount "109"]
[EventDate "2007.01.10"]
[Source "www.chesslib.no"]
[SourceDate "2004.05.04"]

1. d4 d6 2. c4 Nd7 3. Nc3 e5 4. Nf3 Ngf6 5. g3 Be7 6. Bg2 O-O 7. O-O c6 8. Qc2 a6 9. Rd1 Qc7 10. Bd2 Re8 11. Rac1 Qb8 12. b4 Qa7 13. dxe5 dxe5 14. c5 a5 15. a3 axb4 16. axb4 Qa3 17. Rb1 Bf8 18. Bc1 Qa7 19. Nd2 Qb8 20. Nc4 Ra6 21. Bb2 Qc7 22. e3 Nb8 23. Nd6 Bxd6 24. cxd6 Qb6 25. Ba1 Bg4 26. Rdc1 Qd8 27. b5 Ra5 28. bxc6 bxc6 29. Ne4 Nxe4 30. Bxe4 Qxd6 31. Bxh7+ Kh8 32. Be4 Be6 33. Qe2 Bd5 34. Qh5+ Qh6 35. Qxh6+ gxh6 36. Bxe5+ Rxe5 37. Rxb8+ Kg7 38. Bxd5 cxd5 39. Rb4 Re4 40. Rcb1 Kf6 41. Kg2 Rc4 42. R1b2 Rac5 43. Rb6+ Rc6 44. Rxc6+ Rxc6 45. Rb4 Ke5 46. Rh4 Rf6 47. Kf1 Ra6 48. Ke2 Rf6 49. Rh5+ Kd6 50. f3 Rg6 51. Rf5 Ke6 52. g4 Rg8 53. Rh5 Rg6 54. Kd3 f6 55. Kd4 1-0